000 00386nam a2200133Ia 4500
005 20260328101458.0
008 260328s9999||||xx |||||||||||||| ||und||
100 _aJokilehto, Jukka
245 0 _aManual para el manejo de los sitios del Patrimonio mundial Cultural /
_cJukka Jokilehto
260 _bColcultura
300 _a149 p.
650 _aCONSERVACIÓN Y RESTAURACIÓN
942 _cBK
999 _c8897
_d8897